| 000 | 00689nam a2200217Ia 4500 | ||
|---|---|---|---|
| 003 | OSt | ||
| 005 | 20250129154710.0 | ||
| 008 | 210716s1989 xx 000 0 und d | ||
| 040 | _cAIMIT LIBRARY | ||
| 041 | _aeng | ||
| 082 |
_a006.620288 _21 _bKAMJ |
||
| 100 |
_aKamin, Jonathan. _9196104 |
||
| 245 |
_aUnderstanding hard disk management on the PC / _cBy Jonathan Kamin. |
||
| 250 | _a1st ed. | ||
| 260 |
_aNew Delhi : _bBPB Publications , _c1989. |
||
| 300 |
_axxx,500p. ; _bPB _c23 cm |
||
| 650 |
_aManaging the hard disk _9196105 |
||
| 650 |
_aThe second generation micro _9196106 |
||
| 650 |
_aGetting started with your hard disk _9196107 |
||
| 942 |
_2ddc _cBK _e1st _k006.620288 KAMJ |
||
| 999 |
_c182050 _d182050 |
||